LDR 01012naa#a2200181#i#450# 001 RU\\bibl\123368 005 20260705195108.7 011 ## _a1994-4683 100 ## _a20230731b2023####ek#y0rusy0150####ca 102 ## _aRU 200 1# _aОСОБЕННОСТИ МОТИВАЦИИ НАУЧНОЙ ДЕЯТЕЛЬНОСТИ СТУДЕНТОВ АГРАРНОГО ВУЗА _eЖурнальная статья 210 1# _aМосква _cНациональный государственный Университет физической культуры, спорта и здоровья им. П.Ф. Лесгафта _d2023 215 ## _a5 с. 608 ## _aЖурнальная статья _2local 675 ## _aСтуденческие союзы и объединения научного или профессионального характера. 378.184 _z 700 #1 _aГончаренко _gОльга Николаевна 700 #1 _aКраснолобова _gЕкатерина Павловна 856 4# _auchzapiski.lesgaft.spb.ru _u